000 01234cam a2200337 4500
001 4707
003 BD-RjUL
005 20211208233936.0
008 131223s19651956n 001 0 eng u
035 _a(OCoLC)ocm01227695
035 _a(BD-RjUL)4742
035 _a(NNC)2079644
040 _cYBM
_dOCL
_dNLM
_dZCU
_aBD-RjUL
_beng
041 _aeng
060 0 _aHV 9069
_bG567p 1956
082 0 4 _223
_a364.24
_bGLP 1965
099 _a339.54
_aG5225
100 1 0 _aGlueck, Sheldon
_d1896-1980.
_914841
245 1 0 _aPhysique and delinquency /
_cby Sheldon and Eleanor Glueck.
260 _aNew York :
_bKraus Reprint Co.,
_c1965.
300 _axviii, 339 p. :
_bill. ;
_c24 cm.
500 _a"The first in a series of monographs growing out of a comprehensive research into persistent juvenile delinquency, encompassed in Unraveling juvenile delinquency (published in 1950)"
500 _aOriginally published in 1956.
504 _aIncludes bibliographical references and index.
650 0 _aJuvenile delinquency.
_9771
650 0 _aAnthropometry.
_914842
650 2 _aBody Constitution.
_914843
650 2 _aJuvenile Delinquency.
_9771
700 1 _aGlueck, Eleanor Touroff,
_d1898-1972,
_eauthor.
_914844
942 _2ddc
_cBK
999 _c4707
_d4707